[Event "ITA-chT T8 51st"]
[Site "Brixen Bressanone"]
[Date "2019.04.30"]
[Round "1.5"]
[White "Loiacono, Antonio"]
[Black "Marsili, Riccardo"]
[Result "1-0"]
[WhiteElo "2206"]
[BlackElo "2207"]
[PlyCount "101"]
[EventDate "2019.04.30"]
[EventType "team-match"]
[EventRounds "1"]
[EventCountry "ITA"]
[SourceTitle "CBM 190 Extra"]
[Source "ChessBase"]
[SourceDate "2019.07.15"]
[SourceVersion "1"]
[SourceVersionDate "2019.07.15"]
[SourceQuality "1"]
[WhiteTeam "Montebelluna Master"]
[BlackTeam "Perugia Euro Scacchi"]
[WhiteTeamCountry "ITA"]
[BlackTeamCountry "ITA"]

1. e4 c5 2. Nf3 g6 3. c4 Bg7 4. d4 cxd4 5. Nxd4 Nc6 6. Be3 Nf6 7. Nc3 d6 8. Be2 0-0 9. 0-0 Bd7 10. Qd2 Nxd4 11. Bxd4 Bc6 12. f3 a5 13. b3 Nd7 14. Be3 Nc5 15. Rac1 Be5 16. Rfd1 e6 17. Bf1 f5 18. exf5 gxf5 19. Ne2 Qe7 20. Nf4 b6 21. Nd3 Bf6 22. Nf4 Be5 23. Qf2 Rad8 24. Rb1 Bg7 25. a3 e5 26. Nd5 Bxd5 27. Rxd5 f4 28. Bxc5 bxc5 29. Bd3 e4 30. Bxe4 Bd4 31. Rxd4 cxd4 32. Qxd4 Qe5 33. Bd5+ Kh8 34. Qxe5+ dxe5 35. b4 axb4 36. axb4 Kg7 37. Kf2 Kf6 38. Ke2 Rd7 39. Ra1 Rb8 40. Ra6+ Ke7 41. Ra4 Rxd5 42. cxd5 Kd6 43. Kd3 Kxd5 44. Ra5+ Kd6 45. Kc4 Rc8+ 46. Rc5 Rg8 47. Rd5+ Kc6 48. Rxe5 Rxg2 49. Re6+ Kd7 50. Rh6 Rc2+ 51. Kd4 1-0

[Event "ITA-chT 50th"]
[Site "Gallipoli"]
[Date "2018.04.29"]
[Round "4.5"]
[White "Sorbera, Giovanni"]
[Black "Marsili, Riccardo"]
[Result "1/2-1/2"]
[WhiteElo "2215"]
[BlackElo "2201"]
[PlyCount "41"]
[EventDate "2018.04.27"]
[EventType "team-swiss"]
[EventRounds "7"]
[EventCountry "ITA"]
[SourceTitle "CBM 184 Extra"]
[Source "ChessBase"]
[SourceDate "2018.06.28"]
[SourceVersion "1"]
[SourceVersionDate "2018.06.28"]
[SourceQuality "1"]
[WhiteTeam "Conegliano"]
[BlackTeam "Perugia Euro Scacchi"]
[WhiteTeamCountry "ITA"]
[BlackTeamCountry "ITA"]

1. e4 c5 2. Nf3 Nc6 3. c3 d5 4. exd5 Qxd5 5. d4 Bg4 6. Be2 cxd4 7. cxd4 e6 8. Nc3 Bb4 9. 0-0 Qa5 10. Ne5 Bxe2 11. Qxe2 Nge7 12. Nxc6 bxc6 13. Ne4 0-0 14. Bg5 Nf5 15. a3 Be7 16. Bxe7 Nxe7 17. Rac1 Qd5 18. Rfd1 Rab8 19. b4 Rfd8 20. Rc5 Qb3 21. Rd3 1/2-1/2

[Event "ITA-ch blitz"]
[Site "Chianciano Terme"]
[Date "2018.04.01"]
[Round "3"]
[White "Marsili, Riccardo"]
[Black "Brunello, Sabino"]
[Result "0-1"]
[WhiteElo "2201"]
[BlackElo "2542"]
[PlyCount "62"]
[EventDate "2018.04.01"]
[EventType "swiss (blitz)"]
[EventRounds "11"]
[EventCountry "ITA"]
[SourceTitle "CBM 183 Extra"]
[Source "ChessBase"]
[SourceDate "2018.04.19"]
[SourceVersion "1"]
[SourceVersionDate "2018.04.19"]
[SourceQuality "1"]

1. c4 e5 2. g3 d6 3. Nc3 f5 4. Bg2 Nf6 5. d3 c6 6. Bg5 Be7 7. e3 0-0 8. Nge2 Na6 9. 0-0 Be6 10. a3 Nc7 11. Rc1 Qd7 12. b4 a6 13. Na4 Rae8 14. c5 d5 15. d4 e4 16. Bxf6 Bxf6 17. Nac3 g5 18. f4 exf3 19. Bxf3 Bf7 20. Qd2 Qe7 21. Nd1 Bg6 22. Bg2 h5 23. Bh3 Qh7 24. Nf2 Re7 25. Bg2 Rfe8 26. Rc3 h4 27. gxh4 Qxh4 28. Nh1 Rh7 29. h3 Ne6 30. Neg3 f4 31. exf4 Bxd4+ 0-1

[Event "Porto San Giorgio op 27th"]
[Site "Porto San Giorgio"]
[Date "2016.08.28"]
[Round "9"]
[White "Marsili, Riccardo"]
[Black "Rodi, Luis Ernesto"]
[Result "0-1"]
[WhiteElo "2193"]
[BlackElo "2344"]
[PlyCount "108"]
[EventDate "2016.08.20"]
[EventType "swiss"]
[EventRounds "9"]
[EventCountry "ITA"]
[SourceTitle "CBM 174 Extra"]
[Source "ChessBase"]
[SourceDate "2016.10.10"]
[SourceVersion "1"]
[SourceVersionDate "2016.10.10"]
[SourceQuality "1"]

1. c4 f5 2. g3 Nf6 3. Bg2 g6 4. Nc3 Bg7 5. d3 d6 6. e4 fxe4 7. dxe4 c5 8. Nge2 Nc6 9. 0-0 e5 10. h3 Be6 11. Nd5 Qd7 12. Kh2 0-0 13. Be3 Nd4 14. Nec3 Rf7 15. Nxf6+ Bxf6 16. Nd5 Bg7 17. Bxd4 cxd4 18. Qd2 Raf8 19. Rac1 h5 20. h4 Kh7 21. Rc2 Bh6 22. Qe2 Qa4 23. b3 Qd7 24. Nb4 Bg4 25. f3 Be6 26. c5 Rc8 27. Nd3 b6 28. cxb6 axb6 29. Rxc8 Qxc8 30. f4 exf4 31. gxf4 Bg4 32. Qd2 Qc3 33. Qxc3 dxc3 34. Rc1 Rc7 35. Kg3 c2 36. Kf2 Rc3 37. Ke3 Bd1 38. Kd2 Rxd3+ 39. Kxd3 Bxf4 40. Rxc2 Bxc2+ 41. Kxc2 Bg3 42. Kd3 Bxh4 43. e5 dxe5 44. Ke4 Bg3 45. a4 Kg7 46. b4 Kf6 47. a5 bxa5 48. bxa5 Bf2 49. Bf3 Bd4 50. Be2 Kg5 51. Kf3 Kh4 52. Kg2 g5 53. a6 g4 54. Bd3 Kg5 0-1

[Event "Porto San Giorgio op 27th"]
[Site "Porto San Giorgio"]
[Date "2016.08.25"]
[Round "6"]
[White "Parrella, Alfredo"]
[Black "Marsili, Riccardo"]
[Result "1-0"]
[WhiteElo "2069"]
[BlackElo "2193"]
[PlyCount "91"]
[EventDate "2016.08.20"]
[EventType "swiss"]
[EventRounds "9"]
[EventCountry "ITA"]
[SourceTitle "CBM 174 Extra"]
[Source "ChessBase"]
[SourceDate "2016.10.10"]
[SourceVersion "1"]
[SourceVersionDate "2016.10.10"]
[SourceQuality "1"]

1. Nf3 c5 2. c4 Nc6 3. d4 cxd4 4. Nxd4 g6 5. e4 Nf6 6. Nc3 Nxd4 7. Qxd4 d6 8. Be2 Bg7 9. Be3 0-0 10. Qd2 Be6 11. Rc1 Nd7 12. 0-0 a5 13. b3 Rc8 14. Rc2 Nc5 15. f3 f5 16. exf5 Bxf5 17. Rcc1 Be6 18. Bd1 Kh8 19. Bc2 a4 20. Nd5 axb3 21. axb3 Bxd5 22. Qxd5 Qa5 23. Bd4 e5 24. Bxc5 Qxc5+ 25. Qxc5 Rxc5 26. Be4 Bh6 27. Rc3 b5 28. Bd5 Rf4 29. Ra1 Rd4 30. Ra8+ Kg7 31. Ra7+ Kf6 32. Rf7+ Kg5 33. Be6 bxc4 34. Rxc4 Rcxc4 35. bxc4 Bg7 36. Bd5 Kh6 37. g4 g5 38. Rd7 Bf8 39. Be4 Bg7 40. Kg2 Rd2+ 41. Kh3 Rd4 42. Kg3 Rd2 43. c5 d5 44. c6 Rd1 45. c7 Rc1 46. Bf5 1-0

[Event "Porto San Giorgio op 27th"]
[Site "Porto San Giorgio"]
[Date "2016.08.24"]
[Round "5"]
[White "Marsili, Riccardo"]
[Black "Luciani, Valerio"]
[Result "1/2-1/2"]
[WhiteElo "2193"]
[BlackElo "2144"]
[PlyCount "126"]
[EventDate "2016.08.20"]
[EventType "swiss"]
[EventRounds "9"]
[EventCountry "ITA"]
[SourceTitle "CBM 174 Extra"]
[Source "ChessBase"]
[SourceDate "2016.10.10"]
[SourceVersion "1"]
[SourceVersionDate "2016.10.10"]
[SourceQuality "1"]

1. e4 e6 2. Nf3 d5 3. Nc3 Nf6 4. e5 Nfd7 5. d4 c5 6. dxc5 Nc6 7. Bf4 Bxc5 8. Bd3 Be7 9. 0-0 g5 10. Be3 g4 11. Nd4 Ndxe5 12. Bb5 Bd7 13. Re1 Qc7 14. Qe2 0-0-0 15. Bxc6 bxc6 16. Nb3 Rhg8 17. Kh1 Nc4 18. Na4 Nxe3 19. Qxe3 Kb8 20. Nbc5 Bc8 21. c4 d4 22. Qe4 Rg5 23. b4 Bd6 24. g3 f5 25. Qd3 e5 26. Rab1 Ka8 27. Qa3 Bb7 28. Kg1 Qe7 29. b5 Bxc5 30. Nxc5 cxb5 31. Qa5 Rc8 32. Nxb7 Qxb7 33. Rxb5 Qc7 34. Qb4 d3 35. Rb1 Rg7 36. c5 Rd7 37. Rd1 e4 38. a4 Rd5 39. a5 Rxc5 40. a6 Rxb5 41. Qxb5 Qc6 42. Qxf5 Qxa6 43. Qxe4+ Qc6 44. Qxd3 Re8 45. Qxh7 Qc3 46. Qb1 a5 47. Qc1 Qxc1 48. Rxc1 Re5 49. Kg2 a4 50. Ra1 Ra5 51. h3 gxh3+ 52. Kxh3 Kb7 53. f4 Kc7 54. Kg4 Kd7 55. f5 Ke7 56. Kg5 Kf7 57. g4 a3 58. Kh6 Ra6+ 59. Kh5 a2 60. g5 Ra4 61. f6 Ra3 62. Kg4 Kg6 63. Kf4 Ra5 1/2-1/2

[Event "Porto San Giorgio op 26th"]
[Site "Porto San Giorgio"]
[Date "2015.08.25"]
[Round "4"]
[White "Marsili, Riccardo"]
[Black "Cardilli, Mariano"]
[Result "1-0"]
[WhiteElo "2194"]
[BlackElo "2093"]
[PlyCount "94"]
[EventDate "2015.08.22"]
[EventType "swiss"]
[EventRounds "9"]
[EventCountry "ITA"]
[SourceTitle "EXT 2016"]
[Source "ChessBase"]
[SourceDate "2015.10.08"]
[SourceVersion "1"]
[SourceVersionDate "2015.10.08"]
[SourceQuality "1"]

1. c4 c6 2. g3 d5 3. Bg2 Nf6 4. Nf3 Bf5 5. Qb3 Qb6 6. d3 e6 7. Be3 Qxb3 8. axb3 a6 9. Nc3 Nbd7 10. cxd5 exd5 11. Nd4 Bg6 12. Nc2 Bd6 13. b4 0-0 14. h3 Rfe8 15. Kd2 Rad8 16. Na4 Nh5 17. Nc5 Nxc5 18. bxc5 Bb8 19. Ra4 f5 20. g4 f4 21. Bd4 Nf6 22. Bf3 Nd7 23. Rha1 Ne5 24. Rb4 Nxf3+ 25. exf3 Rd7 26. Ra3 Kf8 27. Rab3 Ree7 28. Bc3 Ke8 29. h4 h6 30. Ne1 Bh7 31. Ng2 Ba7 32. Bd4 Bb8 33. h5 Kd8 34. Ra4 Kc8 35. Ra1 Re6 36. Rb4 Rde7 37. Re1 Rxe1 38. Nxe1 Bc7 39. Ra4 Bb8 40. Ng2 Kd7 41. Ra1 Ke8 42. Rg1 Kf7 43. Nh4 Bc7 44. Bc3 g5 45. hxg6+ Bxg6 46. Rh1 Re6 47. Nf5 Be5 1-0

[Event "Porto San Giorgio op 26th"]
[Site "Porto San Giorgio"]
[Date "2015.08.24"]
[Round "3"]
[White "Tonel, Giulia"]
[Black "Marsili, Riccardo"]
[Result "0-1"]
[WhiteElo "2031"]
[BlackElo "2194"]
[PlyCount "60"]
[EventDate "2015.08.22"]
[EventType "swiss"]
[EventRounds "9"]
[EventCountry "ITA"]
[SourceTitle "EXT 2016"]
[Source "ChessBase"]
[SourceDate "2015.10.08"]
[SourceVersion "1"]
[SourceVersionDate "2015.10.08"]
[SourceQuality "1"]

1. d4 Nf6 2. c4 e6 3. Nc3 Bb4 4. Qc2 0-0 5. Bg5 c5 6. dxc5 Na6 7. a3 Bxc3+ 8. Qxc3 Nxc5 9. Qc2 a5 10. Nf3 a4 11. Nd4 h6 12. Bxf6 Qxf6 13. e3 b6 14. Be2 Bb7 15. Bf3 Bxf3 16. Nxf3 Rac8 17. 0-0 Nb3 18. Rad1 d5 19. Nd2 Nxd2 20. Rxd2 Rxc4 21. Qb1 Rfc8 22. b3 axb3 23. Qxb3 R8c6 24. h3 Qe7 25. Rd3 Qc5 26. Rfd1 Qa5 27. Kh2 Rc2 28. e4 dxe4 29. Rd8+ Kh7 30. Qg3 Qg5 0-1

[Event "Porto San Giorgio op 24th"]
[Site "Porto San Giorgio"]
[Date "2013.08.25"]
[Round "5"]
[White "Schoorl, Rob"]
[Black "Marsili, Riccardo"]
[Result "1/2-1/2"]
[WhiteElo "2348"]
[BlackElo "2090"]
[PlyCount "72"]
[EventDate "2013.08.21"]
[EventType "swiss"]
[EventRounds "9"]
[EventCountry "ITA"]
[SourceTitle "CBM 156 Extra"]
[Source "ChessBase"]
[SourceDate "2013.10.22"]
[SourceVersion "1"]
[SourceVersionDate "2013.10.22"]
[SourceQuality "1"]

1. e4 c5 2. Nf3 Nc6 3. Bb5 g6 4. 0-0 Bg7 5. Re1 Nf6 6. c3 0-0 7. h3 Qb6 8. Na3 a6 9. Bf1 d6 10. d4 cxd4 11. cxd4 d5 12. e5 Ne4 13. Nc2 f6 14. exf6 exf6 15. b3 Bd7 16. Bb2 Rfe8 17. Rc1 Rac8 18. Ne3 Be6 19. a3 f5 20. b4 g5 21. Rc2 f4 22. Nc4 Qd8 23. Nce5 Bf5 24. Nxc6 Rxc6 25. Rxc6 bxc6 26. Bxa6 h5 27. Bd3 g4 28. Nd2 Nxf2 29. Rxe8+ Qxe8 30. Qe2 Ne4 31. Nxe4 dxe4 32. Bc4+ Kh8 33. hxg4 Bxg4 34. Qc2 Qe7 35. d5 cxd5 36. Bxd5 Bf5 1/2-1/2

[Event "Gabicce Mare op 1st"]
[Site "Gabicce Mare"]
[Date "2013.01.06"]
[Round "8"]
[White "Marsili, Riccardo"]
[Black "Rago, Riccardo"]
[Result "1/2-1/2"]
[WhiteElo "2100"]
[BlackElo "2061"]
[PlyCount "32"]
[EventDate "2013.01.02"]
[EventType "swiss"]
[EventRounds "9"]
[EventCountry "ITA"]
[SourceTitle "EXT 2015"]
[Source "ChessBase"]
[SourceDate "2014.11.20"]
[SourceVersion "1"]
[SourceVersionDate "2014.11.20"]
[SourceQuality "1"]

1. c4 e6 2. g3 d5 3. Bg2 Nf6 4. Nf3 Be7 5. 0-0 0-0 6. b3 b6 7. Bb2 Bb7 8. d4 Nbd7 9. Nc3 Rc8 10. e3 c5 11. cxd5 Nxd5 12. Rc1 cxd4 13. exd4 Nxc3 14. Rxc3 Rxc3 15. Bxc3 Nf6 16. Qd3 Qa8 1/2-1/2

[Event "Gabicce Mare op 1st"]
[Site "Gabicce Mare"]
[Date "2013.01.04"]
[Round "5"]
[White "Marsili, Riccardo"]
[Black "Lantini, Marco"]
[Result "1/2-1/2"]
[WhiteElo "2100"]
[BlackElo "2186"]
[PlyCount "40"]
[EventDate "2013.01.02"]
[EventType "swiss"]
[EventRounds "9"]
[EventCountry "ITA"]
[SourceTitle "EXT 2015"]
[Source "ChessBase"]
[SourceDate "2014.11.20"]
[SourceVersion "1"]
[SourceVersionDate "2014.11.20"]
[SourceQuality "1"]

1. c4 e6 2. g3 Nf6 3. Bg2 d5 4. Nf3 Be7 5. b3 c5 6. 0-0 Nc6 7. Bb2 0-0 8. d3 b6 9. Nbd2 Bb7 10. Ne5 Nxe5 11. Bxe5 Nd7 12. Bb2 Bf6 13. Qc2 Rb8 14. e3 dxc4 15. Nxc4 Bxg2 16. Kxg2 Bxb2 17. Qxb2 Qg5 18. Rfd1 Rbd8 19. Qe2 Qd5+ 20. Qf3 Nf6 1/2-1/2

[Event "Gabicce Mare op 1st"]
[Site "Gabicce Mare"]
[Date "2013.01.04"]
[Round "4"]
[White "Moroni, Luca Jr"]
[Black "Marsili, Riccardo"]
[Result "1/2-1/2"]
[WhiteElo "2161"]
[BlackElo "2100"]
[PlyCount "73"]
[EventDate "2013.01.02"]
[EventType "swiss"]
[EventRounds "9"]
[EventCountry "ITA"]
[SourceTitle "EXT 2015"]
[Source "ChessBase"]
[SourceDate "2014.11.20"]
[SourceVersion "1"]
[SourceVersionDate "2014.11.20"]
[SourceQuality "1"]

1. Nf3 c5 2. c4 Nc6 3. d4 cxd4 4. Nxd4 g6 5. e4 Nf6 6. Nc3 Nxd4 7. Qxd4 d6 8. b3 Bg7 9. Bb2 0-0 10. Be2 Qa5 11. 0-0 Be6 12. Rac1 Rfc8 13. Qd3 Nd7 14. Qb1 a6 15. Kh1 b5 16. f4 Nb6 17. a3 b4 18. axb4 Qxb4 19. Na2 Qc5 20. Bxg7 Kxg7 21. Nc3 a5 22. Qb2 Kg8 23. Ra1 Qb4 24. Na2 Qc5 25. Nc3 Qb4 26. Rfb1 a4 27. Nxa4 Nxa4 28. bxa4 Qxb2 29. Rxb2 Bxc4 30. g3 Bxe2 31. Rxe2 Ra5 32. e5 d5 33. Rb2 Rc4 34. Rb5 Raxa4 35. Rxa4 Rxa4 36. Rxd5 Ra2 37. Rd7 1/2-1/2

[Event "Porto San Giorgio Weekend 15th"]
[Site "Porto San Giorgio"]
[Date "2012.11.18"]
[Round "3"]
[White "Marsili, Riccardo"]
[Black "Trasciatti, Mirko"]
[Result "1-0"]
[WhiteElo "2074"]
[BlackElo "1978"]
[PlyCount "130"]
[EventDate "2012.11.17"]
[EventType "swiss"]
[EventRounds "6"]
[EventCountry "ITA"]
[SourceTitle "EXT 2014"]
[Source "ChessBase"]
[SourceDate "2013.11.20"]
[SourceVersion "1"]
[SourceVersionDate "2013.11.20"]
[SourceQuality "1"]

1. c4 e6 2. g3 f5 3. Bg2 Nf6 4. Nf3 Be7 5. 0-0 0-0 6. b3 d6 7. Bb2 Nc6 8. d4 d5 9. Nbd2 Ne4 10. Ne1 Bg5 11. Ndf3 Bh6 12. Nd3 Bd7 13. Nfe5 Nxe5 14. Nxe5 Be8 15. Qd3 Ng5 16. Rad1 c6 17. f3 Bh5 18. g4 fxg4 19. fxg4 Be8 20. Rxf8+ Kxf8 21. Rf1+ Kg8 22. h4 Ne4 23. g5 Bxg5 24. hxg5 Qxg5 25. Bc1 Qh4 26. Qh3 Qe7 27. Qg4 h5 28. Ng6 Bxg6 29. Qxg6 Rf8 30. Rxf8+ Kxf8 31. Bxe4 dxe4 32. Qxe4 Qb4 33. Qf4+ Kg8 34. Bd2 Qe7 35. c5 Qe8 36. Qg5 Qd7 37. Qe5 b6 38. cxb6 axb6 39. Qb8+ Kh7 40. Qxb6 e5 41. Qc5 Qg4+ 42. Kf2 exd4 43. Qg5 Qe6 44. Qxh5+ Kg8 45. Qf3 c5 46. Ke1 Kh8 47. Qh5+ Kg8 48. Qxc5 Qg4 49. Qd5+ Kh7 50. Kd1 Qg1+ 51. Kc2 Qg4 52. Qf3 Qc8+ 53. Kb2 Qc5 54. Qh3+ Kg8 55. Qe6+ Kh7 56. Qc4 Qe5 57. Qd3+ Kg8 58. Be1 Qf6 59. a4 g5 60. a5 g4 61. a6 Qe7 62. Bf2 g3 63. Qxg3+ Kf7 64. Qd3 Ke8 65. Bxd4 Qe6 1-0

[Event "La Meridiana op 2nd"]
[Site "Perugia"]
[Date "2012.11.11"]
[Round "5"]
[White "Trasciatti, Mirko"]
[Black "Marsili, Riccardo"]
[Result "1/2-1/2"]
[WhiteElo "1978"]
[BlackElo "2074"]
[PlyCount "59"]
[EventDate "2012.11.09"]
[EventType "swiss"]
[EventRounds "5"]
[EventCountry "ITA"]
[SourceTitle "EXT 2014"]
[Source "ChessBase"]
[SourceDate "2013.11.20"]
[SourceVersion "1"]
[SourceVersionDate "2013.11.20"]
[SourceQuality "1"]

1. f4 c5 2. e3 g6 3. Nf3 Bg7 4. d4 Nf6 5. Be2 0-0 6. 0-0 b6 7. c3 Bb7 8. Qc2 d6 9. Bd2 Nbd7 10. Na3 a6 11. Rad1 Qc7 12. c4 cxd4 13. exd4 Rac8 14. Bd3 Ng4 15. Be4 d5 16. cxd5 Qxc2 17. Nxc2 Ndf6 18. Bd3 Nxd5 19. h3 Rxc2 20. Bxc2 Nge3 21. Be4 Nxf1 22. Rxf1 Rd8 23. Rc1 Ba8 24. Kf1 Bh6 25. g3 Bg7 26. Ne5 a5 27. a3 h6 28. h4 Bf6 29. Bxd5 Bxd5 30. Be3 1/2-1/2

[Event "Porto Sant Elpidio op 14th"]
[Site "Porto Sant Elpidio"]
[Date "2011.11.20"]
[Round "2"]
[White "Marsili, Riccardo"]
[Black "Iori, Massimiliano"]
[Result "1/2-1/2"]
[WhiteElo "2052"]
[BlackElo "1981"]
[PlyCount "48"]
[EventDate "2011.11.19"]
[EventType "swiss"]
[EventRounds "6"]
[EventCountry "ITA"]
[SourceTitle "EXT 2023"]
[Source "ChessBase"]
[SourceDate "2022.10.05"]
[SourceVersion "1"]
[SourceVersionDate "2022.10.05"]
[SourceQuality "1"]

1. e4 e5 2. Nf3 Nf6 3. Nxe5 d6 4. Nf3 Nxe4 5. Nc3 Nxc3 6. dxc3 Be7 7. Bd3 0-0 8. 0-0 Nc6 9. h3 Bf6 10. Re1 Be6 11. Bf4 Qd7 12. Qd2 Bf5 13. Nd4 Bxd4 14. cxd4 Nxd4 15. Bxf5 Nxf5 16. c4 Rfe8 17. Qd3 Nh4 18. c5 Qc6 19. Qg3 Ng6 20. cxd6 Nxf4 21. Qxf4 cxd6 22. Rxe8+ Rxe8 23. Rc1 Qb6 24. Qe4 Qb5 1/2-1/2

[Event "Porto San Giorgio op 23rd"]
[Site "Porto San Giorgio"]
[Date "2011.08.25"]
[Round "6"]
[White "Marsili, Riccardo"]
[Black "Papa, Angelo"]
[Result "1-0"]
[WhiteElo "1962"]
[BlackElo "1848"]
[PlyCount "60"]
[EventDate "2011.08.21"]
[EventType "swiss"]
[EventRounds "9"]
[EventCountry "ITA"]
[SourceTitle "CBM 144 Extra"]
[Source "ChessBase"]
[SourceDate "2011.10.28"]
[SourceVersion "1"]
[SourceVersionDate "2011.10.28"]
[SourceQuality "1"]

1. e4 g6 2. d4 Bg7 3. g3 d6 4. Bg2 Nf6 5. Ne2 0-0 6. 0-0 e5 7. Nbc3 Nc6 8. d5 Ne7 9. f4 exf4 10. gxf4 c6 11. dxc6 bxc6 12. Kh1 Ba6 13. Be3 Qc7 14. Re1 Rab8 15. Rb1 Rfd8 16. Nd4 d5 17. e5 Ne4 18. Nxe4 dxe4 19. Qc1 Nf5 20. Nb3 Bh6 21. Nc5 Bb7 22. Bxe4 Nxe3 23. Qxe3 Re8 24. Qf3 Qe7 25. Nxb7 Rxb7 26. Bxc6 Rb4 27. Bxe8 Rxf4 28. Qa8 Kg7 29. Rf1 Qxe5 30. Rxf4 Qxf4 1-0

[Event "Civitanova Marche op 1st"]
[Site "Civitanova Marche"]
[Date "2011.07.24"]
[Round "4"]
[White "Marsili, Riccardo"]
[Black "Perogio, Lorenzo"]
[Result "1-0"]
[WhiteElo "1962"]
[BlackElo "1883"]
[PlyCount "69"]
[EventDate "2011.07.22"]
[EventType "swiss"]
[EventRounds "4"]
[EventCountry "ITA"]
[SourceTitle "EXT 2024"]
[Source "ChessBase"]
[SourceDate "2023.10.10"]
[SourceVersion "1"]
[SourceVersionDate "2023.10.10"]
[SourceQuality "1"]

1. e4 e5 2. Nf3 Nc6 3. Bb5 Nf6 4. d4 Nxe4 5. 0-0 Nd6 6. Bxc6 dxc6 7. dxe5 Nf5 8. Qe2 Nd4 9. Nxd4 Qxd4 10. h3 Be6 11. Rd1 Qc4 12. Qxc4 Bxc4 13. Be3 Bb4 14. Rd4 b5 15. b3 Bc5 16. bxc4 Bxd4 17. Bxd4 0-0-0 18. c3 b4 19. Kf1 c5 20. Bxc5 Rd1+ 21. Ke2 Rhd8 22. cxb4 Rg1 23. Bxa7 Rdd1 24. a4 Rxb1 25. Rxb1 Rxb1 26. Bc5 Rb3 27. Kd2 Kb7 28. a5 Kc6 29. Kc2 Ra3 30. Kb2 Rd3 31. a6 Rd2+ 32. Kb3 Re2 33. Be3 Re1 34. b5+ Kd7 35. a7 1-0

[Event "Civitanova Marche op 1st"]
[Site "Civitanova Marche"]
[Date "2011.07.23"]
[Round "3"]
[White "Laketic, Gojko"]
[Black "Marsili, Riccardo"]
[Result "1-0"]
[WhiteElo "2439"]
[BlackElo "1962"]
[PlyCount "91"]
[EventDate "2011.07.22"]
[EventType "swiss"]
[EventRounds "4"]
[EventCountry "ITA"]
[SourceTitle "EXT 2024"]
[Source "ChessBase"]
[SourceDate "2023.10.10"]
[SourceVersion "1"]
[SourceVersionDate "2023.10.10"]
[SourceQuality "1"]

1. d4 Nf6 2. Nf3 c5 3. d5 d6 4. Nc3 e5 5. e4 Be7 6. Bb5+ Bd7 7. a4 a6 8. Bxd7+ Nbxd7 9. a5 0-0 10. 0-0 Ne8 11. Qd3 g6 12. Bh6 Ng7 13. Nd2 Bg5 14. Bxg7 Kxg7 15. Nc4 Qe7 16. Ra3 f5 17. Rb3 Rab8 18. f3 Kh8 19. Nd1 Bh6 20. Nf2 f4 21. Nb6 Bg5 22. Nc4 h5 23. g3 Bh6 24. Kg2 g5 25. g4 h4 26. Nd1 Rfc8 27. Nc3 Bf8 28. Na4 Qd8 29. Nab6 Nxb6 30. Rxb6 Qc7 31. Rb1 Ra8 32. Qb3 Ra7 33. Kf1 Kh7 34. Qa4 Kh8 35. Ke2 Kh7 36. Rd1 Rd8 37. Rd3 Rd7 38. Rdb3 Kg8 39. Rc3 Rd8 40. Nd2 Qd7 41. Qxd7 Rxd7 42. b4 cxb4 43. Rc8 Kf7 44. Nc4 Be7 45. Rxb4 Bd8 46. Nb6 1-0

[Event "Assisi op-A 5th"]
[Site "Assisi"]
[Date "2010.12.18"]
[Round "3"]
[White "Cicioni, Luigi"]
[Black "Marsili, Riccardo"]
[Result "0-1"]
[WhiteElo "1815"]
[BlackElo "1938"]
[PlyCount "78"]
[EventDate "2010.12.17"]
[EventType "swiss"]
[EventRounds "7"]
[EventCountry "ITA"]
[SourceTitle "EXT 2024"]
[Source "ChessBase"]
[SourceDate "2023.10.10"]
[SourceVersion "1"]
[SourceVersionDate "2023.10.10"]
[SourceQuality "1"]

1. e4 c5 2. Nf3 Nc6 3. d4 cxd4 4. Nxd4 g6 5. Be3 Bg7 6. Be2 Nf6 7. f3 0-0 8. c3 d5 9. Nxc6 bxc6 10. e5 Nd7 11. f4 f6 12. exf6 exf6 13. 0-0 Re8 14. Bf2 Qc7 15. Bf3 Ba6 16. Re1 Qxf4 17. Na3 Ne5 18. Be2 Bxe2 19. Rxe2 Qf5 20. Nc2 Nd3 21. Nd4 Nxf2 22. Rxf2 Qd7 23. Qa4 Rac8 24. Rd1 Re4 25. Re2 f5 26. Rde1 Bxd4+ 27. cxd4 Kh8 28. h3 Qb7 29. Qa3 Qg7 30. Kh1 Qxd4 31. Rxe4 dxe4 32. Qa6 Qd7 33. Qa5 Re8 34. Qc3+ Kg8 35. Qb3+ Qd5 36. Qa4 e3 37. Qxa7 Qd2 38. Rxe3 Qxe3 39. Qd7 Qe1+ 0-1